[Event "Montigny le Bretonneux op 21st"]
[Site "Montigny le Bretonneux"]
[Date "2021.12.29"]
[Round "6"]
[White "Chaintreau, Maxime"]
[Black "Ries, Antoine"]
[Result "1-0"]
[WhiteElo "1329"]
[BlackElo "1267"]
[PlyCount "71"]
[EventDate "2021.12.26"]
[EventType "swiss"]
[EventRounds "9"]
[EventCountry "FRA"]
[SourceTitle "EXT 2023"]
[Source "ChessBase"]
[SourceDate "2022.10.05"]
[SourceVersion "1"]
[SourceVersionDate "2022.10.05"]
[SourceQuality "1"]

1. d4 d5 2. c4 c6 3. Nc3 Nd7 4. cxd5 cxd5 5. Nxd5 Qa5+ 6. Nc3 e5 7. dxe5 Nxe5 8. Qd5 Qxd5 9. Nxd5 Bd6 10. e4 Ne7 11. f4 Nxd5 12. fxe5 Bb4+ 13. Bd2 Bxd2+ 14. Kxd2 Nb6 15. Nf3 0-0 16. b3 a6 17. Ke3 Bg4 18. h3 Bxf3 19. gxf3 Rac8 20. Bd3 Rfe8 21. f4 Nd7 22. Rac1 Kf8 23. Rxc8 Rxc8 24. Rh2 Ke7 25. Rc2 Rxc2 26. Bxc2 f6 27. exf6+ gxf6 28. Kd4 Kd6 29. Bd3 h6 30. Bc4 a5 31. a4 h5 32. h4 Nc5 33. e5+ fxe5+ 34. fxe5+ Kc6 35. Bd5+ Kb6 36. e6 1-0

[Event "Montigny le Bretonneux op 21st"]
[Site "Montigny le Bretonneux"]
[Date "2021.12.28"]
[Round "4"]
[White "Chaintreau, Maxime"]
[Black "Rosu, Andrei"]
[Result "1-0"]
[WhiteElo "1329"]
[BlackElo "1241"]
[PlyCount "51"]
[EventDate "2021.12.26"]
[EventType "swiss"]
[EventRounds "9"]
[EventCountry "FRA"]
[SourceTitle "EXT 2023"]
[Source "ChessBase"]
[SourceDate "2022.10.05"]
[SourceVersion "1"]
[SourceVersionDate "2022.10.05"]
[SourceQuality "1"]

1. d4 d5 2. c4 c6 3. Nc3 Nf6 4. Nf3 Bf5 5. Bf4 e6 6. a3 Nbd7 7. e3 Be7 8. Bd3 Bxd3 9. Qxd3 Qb6 10. b4 a5 11. c5 Qa6 12. Qxa6 Rxa6 13. 0-0 0-0 14. b5 cxb5 15. Nxb5 Ne4 16. Rfc1 Rc6 17. Rab1 b6 18. Na7 Rc7 19. Bxc7 bxc5 20. Nc6 Bf6 21. dxc5 Rc8 22. Be5 Rxc6 23. Bxf6 Ndxf6 24. Rb8+ Rc8 25. Rxc8+ Ne8 26. Rxe8# 1-0

[Event "Montigny le Bretonneux Noel op 20th"]
[Site "Montigny le Bretonneux"]
[Date "2019.12.30"]
[Round "7"]
[White "Chaintreau, Maxime"]
[Black "Delmas, Mathis"]
[Result "1-0"]
[WhiteElo "1259"]
[BlackElo "1120"]
[PlyCount "65"]
[EventDate "2019.12.27"]
[EventType "swiss"]
[EventRounds "7"]
[EventCountry "FRA"]
[SourceTitle "CBM 194 Extra"]
[Source "ChessBase"]
[SourceDate "2020.03.31"]
[SourceVersion "1"]
[SourceVersionDate "2020.03.31"]
[SourceQuality "1"]

1. d4 d5 2. c4 c6 3. Nc3 e6 4. Nf3 Bb4 5. Bf4 Nd7 6. e3 Ngf6 7. Bd3 b6 8. 0-0 Ba6 9. Qb3 Ba5 10. Rfd1 dxc4 11. Bxc4 Bxc4 12. Qxc4 Bxc3 13. Qxc3 Rc8 14. Rac1 Nd5 15. Qa3 Nxf4 16. exf4 a5 17. Qd6 Qc7 18. Qxc7 Rxc7 19. Ne5 0-0 20. Nxc6 Re8 21. Ne7+ Rxe7 22. Rxc7 h6 23. g3 f6 24. d5 e5 25. d6 Rf7 26. Rdc1 Nc5 27. R1xc5 bxc5 28. d7 Kh7 29. d8Q exf4 30. Rxf7 fxg3 31. Qxf6 gxf2+ 32. Kxf2 Kg8 33. Qxg7# 1-0

[Event "Montigny le Bretonneux Noel op 20th"]
[Site "Montigny le Bretonneux"]
[Date "2019.12.29"]
[Round "5"]
[White "Chaintreau, Maxime"]
[Black "Boucher, Francis"]
[Result "1-0"]
[WhiteElo "1259"]
[BlackElo "1100"]
[PlyCount "135"]
[EventDate "2019.12.27"]
[EventType "swiss"]
[EventRounds "7"]
[EventCountry "FRA"]
[SourceTitle "CBM 194 Extra"]
[Source "ChessBase"]
[SourceDate "2020.03.31"]
[SourceVersion "1"]
[SourceVersionDate "2020.03.31"]
[SourceQuality "1"]

1. d4 d5 2. c4 c6 3. Nc3 Nf6 4. Nf3 h6 5. Bf4 Bf5 6. e3 Nbd7 7. Bd3 Bxd3 8. Qxd3 e6 9. a3 Be7 10. 0-0 Nb6 11. b3 c5 12. cxd5 Nfxd5 13. Bg3 Nxc3 14. Qxc3 cxd4 15. Qxd4 0-0 16. a4 Nd5 17. Rfd1 Qa5 18. Rac1 Rfd8 19. Qb2 b6 20. h3 Nb4 21. Qc3 Qa6 22. Rxd8+ Rxd8 23. Be5 Na2 24. Qc4 Qxc4 25. Rxc4 a5 26. Bc7 Rd1+ 27. Kh2 Bd6+ 28. Bxd6 Rxd6 29. Nd4 Nb4 30. Nb5 Rd7 31. Rc8+ Kh7 32. Rb8 Rd3 33. Rxb6 Rxb3 34. Rb7 f6 35. Ra7 Rb2 36. Nd6 Rxf2 37. Ne8 Kg6 38. Rxg7+ Kf5 39. Nd6+ Ke5 40. Nc4+ Ke4 41. Rg4+ Kd3 42. Nxa5 Nd5 43. Nc4 Nxe3 44. Nxe3 Kxe3 45. Rg3+ Ke2 46. Ra3 Rf5 47. a5 Rb5 48. a6 Rb8 49. a7 Ra8 50. Ra6 e5 51. Rxf6 e4 52. Ra6 e3 53. Kg1 Ke1 54. Ra1+ Kd2 55. Ra2+ Kd1 56. Ra1+ Kd2 57. Ra2+ Kd1 58. Ra6 h5 59. Rd6+ Ke1 60. Ra6 h4 61. g4 Ke2 62. g5 Rf8 63. Ra2+ Kf3 64. a8Q+ Rxa8 65. Rxa8 e2 66. Re8 Kg3 67. g6 Kf4 68. g7 1-0

[Event "Montigny le Bretonneux Noel op 20th"]
[Site "Montigny le Bretonneux"]
[Date "2019.12.29"]
[Round "6"]
[White "Payot, Guillaume"]
[Black "Chaintreau, Maxime"]
[Result "1-0"]
[WhiteElo "1273"]
[BlackElo "1259"]
[PlyCount "41"]
[EventDate "2019.12.27"]
[EventType "swiss"]
[EventRounds "7"]
[EventCountry "FRA"]
[SourceTitle "CBM 194 Extra"]
[Source "ChessBase"]
[SourceDate "2020.03.31"]
[SourceVersion "1"]
[SourceVersionDate "2020.03.31"]
[SourceQuality "1"]

1. d4 d5 2. c4 c6 3. Nf3 Nf6 4. Nc3 e6 5. Bg5 Nbd7 6. e3 Be7 7. Bd3 h6 8. Bh4 0-0 9. 0-0 Bd6 10. c5 Bc7 11. e4 dxe4 12. Nxe4 Qe7 13. Bc2 e5 14. Qd3 g6 15. Rfe1 Qe6 16. dxe5 Nxe4 17. Qxe4 Re8 18. Bb3 Nxc5 19. Bxe6 Nxe4 20. Bxc8 Nxf2 21. Bxb7 1-0

[Event "Montigny le Bretonneux Noel op 19th"]
[Site "Montigny le Bretonneux"]
[Date "2018.12.28"]
[Round "3"]
[White "Chaintreau, Maxime"]
[Black "Rafalimanana, Hary"]
[Result "1-0"]
[WhiteElo "1318"]
[BlackElo "1162"]
[PlyCount "65"]
[EventDate "2018.12.26"]
[EventType "swiss"]
[EventRounds "7"]
[EventCountry "FRA"]
[SourceTitle "CBM 188 Extra"]
[Source "ChessBase"]
[SourceDate "2019.02.28"]
[SourceVersion "1"]
[SourceVersionDate "2019.02.28"]
[SourceQuality "1"]

1. d4 g6 2. c4 Bg7 3. Nf3 d5 4. Nc3 Nf6 5. Bg5 Bg4 6. Bxf6 Bxf6 7. cxd5 Bxf3 8. gxf3 0-0 9. e4 c5 10. dxc6 Nxc6 11. d5 Ne5 12. f4 Nd7 13. e5 Bg7 14. Rc1 Qa5 15. Bb5 Nb6 16. a3 Rad8 17. Ra1 Rxd5 18. b4 Rxd1+ 19. Kxd1 Qxb5 20. Nxb5 a6 21. Nc3 Nc4 22. Ke2 f6 23. e6 f5 24. Rac1 Nxa3 25. Nd5 Re8 26. Rc7 Kf8 27. Rhc1 Nb5 28. Rxb7 Nd6 29. Ra7 Ne4 30. f3 Nf6 31. Nb6 Nh5 32. Ke3 Rb8 33. Nd7+ 1-0

[Event "Montigny le Bretonneux Noel op 18th"]
[Site "Montigny le Bretonneux"]
[Date "2017.12.27"]
[Round "1"]
[White "Boet, Luc"]
[Black "Chaintreau, Maxime"]
[Result "1/2-1/2"]
[WhiteElo "1512"]
[BlackElo "1097"]
[PlyCount "89"]
[EventDate "2017.12.26"]
[EventType "swiss"]
[EventRounds "7"]
[EventCountry "FRA"]
[SourceTitle "CBM 182 Extra"]
[Source "ChessBase"]
[SourceDate "2018.02.23"]
[SourceVersion "1"]
[SourceVersionDate "2018.02.23"]
[SourceQuality "1"]

1. e4 e5 2. Nf3 Nf6 3. d4 Nxe4 4. Bd3 d5 5. dxe5 Bf5 6. 0-0 Nc6 7. Bb5 g6 8. Bf4 a6 9. Ba4 b5 10. Bb3 d4 11. Nbd2 Nc5 12. Ng5 Nxb3 13. Nxb3 Be7 14. Nf3 d3 15. cxd3 Bxd3 16. Re1 Nb4 17. Re3 Bc2 18. Qc1 Bd3 19. Qc3 0-0 20. Bh6 Re8 21. e6 f6 22. a3 Nd5 23. Qxd3 Nxe3 24. Qxe3 g5 25. Re1 Qd5 26. Rc1 Bd8 27. Nc5 c6 28. Qc3 Ra7 29. Qc2 Bb6 30. Nd7 Bd8 31. Nc5 Bb6 32. b4 a5 33. h3 a4 34. Rd1 Qc4 35. Qf5 Bxc5 36. Qxc5 Qxc5 37. bxc5 Rae7 38. h4 g4 39. Nh2 Rxe6 40. Be3 f5 41. g3 Re4 42. Rd6 R8e6 43. Rd8+ Re8 44. Rd6 R8e6 45. Rd8+ 1/2-1/2